Widok standardowy
Widok MARC
Pozycja Personal Name
Liczba rekordów, w których użyto hasła: 1
001 - Numer kontrolny
- control field: 40506
003 - Identyfikator numeru kontrolnego
- control field: NUKAT
005 - Data i czas ostatniej modyfikacji
- control field: 20260425100129.0
008 - Dane kontrolne kodowane (40 znaków)
- fixed length control field: 120403n||a|znnaabn |a aaa |c
010 ## - Numer kontrolny Biblioteki Kongresu
- numer kontrolny LC: n 2012066128
024 7# - OTHER STANDARD IDENTIFIER
- Standard number or code: 311126605
- Source of number or code: viaf
024 7# - OTHER STANDARD IDENTIFIER
- Standard number or code: 0000000370850994
- Source of number or code: isni
040 ## - Instytucja sporządzająca rekord
- inst. przygot. dane do rek. khw: KAT U/AM
- język haseł przedmiotowych/tezaurus: kaba
- inst. wprow. rek. khw: KAT U/AMmok
100 1# - Hasło - nazwa osobowa
- nazwa osobowa w formie ujednoliconej: Grudziński, Kazimierz.
670 ## - Źródło informacji
- źródło informacji: Polacy na szerokim świecie / Kazimierz Grudziński. - Warszawa, 1936.
670 ## - Źródło informacji
- źródło informacji: BNPol online